000
00356nam a22001577a 4500
003
MPLRDC
005
20220104114135.0
008
210129b ||||| |||| 00| 0 eng d
082
_a
857.48 XSC
100
_a
谢仕聪编
245
_a
潘金莲新传
_c
260
_a
_b
台湾天下杂志社
_c
300
_b
平
650
_a
942
_c
BK
_o
857.48 XSC
999
_c
5129
_d
5119